Statistics for Children's Fictional Characters 1

Click here to take the quiz!

General Stats

  • This quiz has been taken 45 times
  • The average score is 4 of 8

Answer Stats

HintAnswer% Correct
A boy who finds a shcool of wizardryHarry Potter
100%
In Alice's adventures in Wonderland the Cheshire ______ leaves only a smile behindCat
77%
In the Hobbit who is the wise wizard who travels with Bilbo BagginsGandalf
60%
Fat boy who gets the first golden ticket in Charlie and the Chocolate factoryAugustus Gloop
46%
A teenager who finds out that his father is a greek godPercy Jackson
46%
In the Lion the With and the Wardrobe who is the faun that helps Lucy PevensieMr Tummnus
29%
The first name of the girl who helps Thomas in the Maze Runner trilogyTheresa
11%
In the His Dark Materials trilogy who is John Parry's sonWill Parry
3%

Score Distribution

Percentile by Number Answered

Percent of People with Each Score

Your Score History

You have not taken this quiz